Countries that border the DRC - Statistics

General Stats
  • This quiz has been taken 10 times
  • The average score is 5 of 10
Answers on the Grid
Answers color-coded by a green-red scale on the quiz's grid according to % correct below.
Central African Republic
Rwanda
Gabon
Equatorial Guinea
Zambia
Angola
Somalia
Tanzania
Burundi
Kenya
Republic of Congo
Malawi
Chad
Sudan
South Sudan
Ethiopia
Uganda
Cameroon
Mozambique
Sao Tome and Principe
 
Answer Stats
Answer % Correct
Republic of Congo
89%
Central African Republic
67%
Rwanda
56%
Burundi
44%
Tanzania
44%
Uganda
44%
Angola
33%
Gabon
33%
South Sudan
33%
Zambia
22%
No matching quizzes found
Score Distribution
Percent of People with Each Score
Percentile by Number Answered
Your Score History
You have not taken this quiz